书目信息 |
| 题名: |
李德生文集
|
|
| 作者: | 李德生, 著 | |
| 分册: | 上卷 | |
| 出版信息: | 北京 科学出版社 2007.01 |
|
| 页数: | 420页 | |
| 开本: | 31cm | |
| 丛书名: | ||
| 单 册: | ||
| 中图分类: | TE-53 | |
| 科图分类: | ||
| 主题词: | 油气勘探--you qi kan tan--中国--文集 , 石油天然气地质--shi you tian ran qi di zhi--中国--文集 | |
| 电子资源: | ||
| ISBN: | 978-7-03-017622-6 | |
| 000 | 00906nam0 2200253 450 | |
| 001 | 012007194810 | |
| 005 | 20070920164316.44 | |
| 010 | @a978-7-03-017622-6@b精装@dCNY140.00 | |
| 100 | @a20070821d2007 km y0chiy0120 ea | |
| 101 | 0 | @achi |
| 102 | @aCN@b110000 | |
| 105 | @aabc z 000yy | |
| 200 | 1 | @a李德生文集@Ali de sheng wen ji@h上卷 |
| 210 | @a北京@c科学出版社@d2007.01 | |
| 215 | @a420页@c图, 地图, 肖像@d31cm | |
| 312 | @a英文并列题名取自封底。 | |
| 330 | @a本文集选录了李德生院士不同时期的石油地质论文83篇,内容涵盖石油地质调查、地球物理勘探、油气田开发、含油气盆地构造分析、储油气层评价研究等方面。 | |
| 510 | 1 | @aSelected works of Li Desheng@zeng |
| 606 | 0 | @a油气勘探@Ayou qi kan tan@y中国@j文集 |
| 606 | 0 | @a石油天然气地质@Ashi you tian ran qi di zhi@y中国@j文集 |
| 690 | @aTE-53@v4 | |
| 701 | 0 | @a李德生,@Ali de sheng@f1922- @4著 |
| 801 | 0 | @aCN@c20070920 |
| 905 | @dTE-53@eL146:1 | |
| 李德生文集.上卷.-北京:科学出版社,2007.01 |
| 420页:图, 地图, 肖像;31cm |
| ISBN 978-7-03-017622-6(精装):CNY140.00 |
| 本文集选录了李德生院士不同时期的石油地质论文83篇,内容涵盖石油地质调查、地球物理勘探、油气田开发、含油气盆地构造分析、储油气层评价研究等方面。 |
| ● |
| 相关链接 |
|
|
|
正题名:李德生文集
索取号:TE-53/L146:1
 
预约/预借
| 序号 | 登录号 | 条形码 | 馆藏地/架位号 | 状态 | 备注 |
| 1 | 261487 | 202614876 | 期刊室512/501自科库 22排1列5层/ [索取号:TE-53/L146:1] | 在馆 | |
| 2 | 261488 | 202614885 | 自科库501/501自科库 22排1列5层/ [索取号:TE-53/L146:1] | 在馆 |